000 00395nam a2200157Ia 4500
008 151213s9999 xx 000 0 und d
020 _a984-70020-0114-3
100 _aThomas Handy
245 _aThe Return Of The Native
_cThomas Handy
260 _aDhaka
_bFriends Book Corner
_c2010
300 _a8960 p.
650 _aEnglish
650 _aEnglish
700 _aThomas Handy
999 _c4681
_d4681